000 00691cam a2200241 a 4500
003 Nust
005 20170216102638.0
008 170216b xxu||||| |||| 00| 0 eng d
020 _a9781934154274 (pbk.)
020 _a193415427X (pbk.)
040 _cNust-MCE
082 0 0 _a620.196
_bASP
_cDon
245 0 4 _aThe Asphalt handbook.
250 _a7th ed.
260 _aLexington, Ky. :
_bAsphalt Institute,
_c2007.
300 _axxxi, 788 p. :
_bill., map ;
_c23 cm.
490 0 _aAsphalt Institute manual series ;
650 0 _aAsphalt
_xHandbooks, manuals, etc.
650 0 _aMCE
650 0 _aPavements, Asphalt
_xHandbooks, manuals, etc.
710 2 _aAsphalt Institute.
942 _cBK
999 _c223722
_d223722